000 002660000a22000970004500
100 1 _aSánchez Cetina, Edesio
245 1 0 _aíSeñor si huebeses estado aquí!
300 _aVol. 56, Núm 255 (2001), Páginas 14-19
773 0 _tLa Biblia de las Américas
942 _cANA
999 _c51667
_d51667